|
|
|
|
| LEADER |
02854nam a2200505 4500 |
| 001 |
978-3-319-78527-1 |
| 003 |
DE-He213 |
| 005 |
20190304201630.0 |
| 007 |
cr nn 008mamaa |
| 008 |
180505s2018 gw | s |||| 0|eng d |
| 020 |
|
|
|a 9783319785271
|9 978-3-319-78527-1
|
| 024 |
7 |
|
|a 10.1007/978-3-319-78527-1
|2 doi
|
| 040 |
|
|
|d GrThAP
|
| 050 |
|
4 |
|a QE514-516.5
|
| 072 |
|
7 |
|a RBGK
|2 bicssc
|
| 072 |
|
7 |
|a SCI019000
|2 bisacsh
|
| 072 |
|
7 |
|a RBGK
|2 thema
|
| 082 |
0 |
4 |
|a 551.9
|2 23
|
| 100 |
1 |
|
|a Hoefs, Jochen.
|e author.
|4 aut
|4 http://id.loc.gov/vocabulary/relators/aut
|
| 245 |
1 |
0 |
|a Stable Isotope Geochemistry
|h [electronic resource] /
|c by Jochen Hoefs.
|
| 250 |
|
|
|a 8th ed. 2018.
|
| 264 |
|
1 |
|a Cham :
|b Springer International Publishing :
|b Imprint: Springer,
|c 2018.
|
| 300 |
|
|
|a XXVI, 437 p. 102 illus., 101 illus. in color.
|b online resource.
|
| 336 |
|
|
|a text
|b txt
|2 rdacontent
|
| 337 |
|
|
|a computer
|b c
|2 rdamedia
|
| 338 |
|
|
|a online resource
|b cr
|2 rdacarrier
|
| 347 |
|
|
|a text file
|b PDF
|2 rda
|
| 490 |
1 |
|
|a Springer Textbooks in Earth Sciences, Geography and Environment,
|x 2510-1307
|
| 505 |
0 |
|
|a Theoretical and Experimental Principles -- Isotope Fractionation Processes of Selected Elements -- Variations of Stable Isotope Ratios in Nature.
|
| 520 |
|
|
|a This classic textbook is an introduction to the systematics and the use of stable isotopes in geosciences. It is subdivided into three parts: i) theoretical and experimental principles, ii) fractionation processes of light and heavy elements, iii) the natural variations of geologically important reservoirs. Since the publication of the previous edition advances in multicollector-ICP-mass-spectrometry allow precise measurements of new isotope systems. In this new edition therefore, 42 elements with resolvable natural variations in isotope composition are discussed. New findings from non-traditional isotope systems have been incorporated. Many new references have been added, which enable quick access to recent literature.
|
| 650 |
|
0 |
|a Geochemistry.
|
| 650 |
|
0 |
|a Oceanography.
|
| 650 |
|
0 |
|a Geology.
|
| 650 |
1 |
4 |
|a Geochemistry.
|0 http://scigraph.springernature.com/things/product-market-codes/G14003
|
| 650 |
2 |
4 |
|a Oceanography.
|0 http://scigraph.springernature.com/things/product-market-codes/G25005
|
| 650 |
2 |
4 |
|a Geology.
|0 http://scigraph.springernature.com/things/product-market-codes/G17002
|
| 710 |
2 |
|
|a SpringerLink (Online service)
|
| 773 |
0 |
|
|t Springer eBooks
|
| 776 |
0 |
8 |
|i Printed edition:
|z 9783319785264
|
| 776 |
0 |
8 |
|i Printed edition:
|z 9783319785288
|
| 776 |
0 |
8 |
|i Printed edition:
|z 9783030087227
|
| 830 |
|
0 |
|a Springer Textbooks in Earth Sciences, Geography and Environment,
|x 2510-1307
|
| 856 |
4 |
0 |
|u https://doi.org/10.1007/978-3-319-78527-1
|z Full Text via HEAL-Link
|
| 912 |
|
|
|a ZDB-2-EES
|
| 950 |
|
|
|a Earth and Environmental Science (Springer-11646)
|